| 000 | 00566nam a22001817a 4500 | ||
|---|---|---|---|
| 999 |
_c61768 _d61768 |
||
| 005 | 20240430170749.0 | ||
| 008 | 240430s2008 enk||||| |||| 00| 0 eng d | ||
| 020 | _a9780071477482x | ||
| 041 | _aeng | ||
| 080 | _a616-091 K-32 | ||
| 100 |
_aKemp, W. L. _922001 |
||
| 245 |
_aThe Big Picture : _bPathology / _cW. Kemp, Dennis Burns, Travis Brown. |
||
| 264 |
_aNew York : _bMcGraw Hill, _c2008. |
||
| 300 |
_a446 p.: _bill.: _c28 cm. |
||
| 700 |
_aBurns, Dennis _eავტორი _922002 |
||
| 700 |
_aBrown, Travis _eავტორი _922003 |
||
| 942 |
_2udc _cBK |
||